Les saveurs de Danette - Statistiques

Statistiques générales
  • Ce quiz a été pris 139 fois
  • Le résultat moyen est 5 sur 21
Statistiques - réponses
Saveurs de Danette % Correct
Chocolat
100%
Vanille
99%
Caramel
82%
Pistache
76%
Noisette
45%
Vanille & Chocolat
21%
Coco
18%
Speculoos
18%
Expresso
12%
Madeleine
11%
Petit beurre
11%
Vanille & Caramel
11%
Caramel salé
4%
Chocolat et lait
3%
Noir extra
2%
Caramel salé & Chocolat
0%
Créme liégeois chocolat
0%
Crème liégeois vanille
0%
Flan caramel
0%
Milkshake vanille
0%
Milshake chocolat
0%
Aucun quiz correspondant
Distribution des résultats
% des personnes avec chaque résultat
Percentile par nombre de réponses
Votre historique - résultats
Vous n’avez pas pris ce quiz